Stata Graphics Reference Manual : (Record no. 13075)
[ view plain ]
| 000 -LEADER | |
|---|---|
| fixed length control field | 01456cam a22003855a 4500 |
| 001 - CONTROL NUMBER | |
| control field | 15736707 |
| 005 - DATE AND TIME OF LATEST TRANSACTION | |
| control field | 20090513152500.0 |
| 008 - FIXED-LENGTH DATA ELEMENTS--GENERAL INFORMATION | |
| fixed length control field | 090513s2007 txua | b 001 0 eng d |
| 010 ## - LIBRARY OF CONGRESS CONTROL NUMBER | |
| LC control number | 2009278372 |
| 020 ## - INTERNATIONAL STANDARD BOOK NUMBER | |
| International Standard Book Number | 1597180343 |
| 020 ## - INTERNATIONAL STANDARD BOOK NUMBER | |
| International Standard Book Number | 9781597180344 |
| 035 ## - SYSTEM CONTROL NUMBER | |
| System control number | (OCoLC)ocn155863455 |
| 040 ## - CATALOGING SOURCE | |
| Original cataloging agency | MYG |
| Transcribing agency | MYG |
| Modifying agency | MYG |
| -- | ZCU |
| -- | NLGGC |
| -- | MUQ |
| -- | DRB |
| -- | YDXCP |
| -- | DLC |
| 042 ## - AUTHENTICATION CODE | |
| Authentication code | lccopycat |
| 082 ## - DEWEY DECIMAL CLASSIFICATION NUMBER | |
| Edition number | 22 |
| Classification number | 001.4226 |
| Item number | STA |
| 084 ## - OTHER CLASSIFICATION NUMBER | |
| Classification number | 31.73 |
| Source of number | bcl |
| 084 ## - OTHER CLASSIFICATION NUMBER | |
| Classification number | 54.80 |
| Source of number | bcl |
| 245 00 - TITLE STATEMENT | |
| Title | Stata Graphics Reference Manual : |
| Remainder of title | Release 10. |
| 246 14 - VARYING FORM OF TITLE | |
| Title proper/short title | Stata release 10 : |
| Remainder of title | graphics |
| 246 18 - VARYING FORM OF TITLE | |
| Title proper/short title | Stata 10 graphics |
| 260 ## - PUBLICATION, DISTRIBUTION, ETC. (IMPRINT) | |
| Place of publication, distribution, etc | College Station, Tex. : |
| Name of publisher, distributor, etc | StataCorp LP, |
| Date of publication, distribution, etc | c2007. |
| 300 ## - PHYSICAL DESCRIPTION | |
| Extent | vi, 618 p. : |
| Other physical details | ill. ; |
| Dimensions | 24 cm. |
| 500 ## - GENERAL NOTE | |
| General note | "A Stata Press Publication." |
| 504 ## - BIBLIOGRAPHY, ETC. NOTE | |
| Bibliography, etc | Includes bibliographical references and index. |
| 630 00 - SUBJECT ADDED ENTRY--UNIFORM TITLE | |
| Uniform title | Stata. |
| 9 (RLIN) | 10117 |
| 630 06 - SUBJECT ADDED ENTRY--UNIFORM TITLE | |
| Uniform title | Stata (Logiciel) |
| Form subdivision | Guides, manuels, etc. |
| 9 (RLIN) | 10118 |
| 650 #0 - SUBJECT ADDED ENTRY--TOPICAL TERM | |
| Topical term or geographic name as entry element | Statistics |
| General subdivision | Computer programs. |
| 9 (RLIN) | 10119 |
| 650 #0 - SUBJECT ADDED ENTRY--TOPICAL TERM | |
| Topical term or geographic name as entry element | Statistics |
| General subdivision | Graphic methods |
| -- | Computer programs. |
| 9 (RLIN) | 10120 |
| 650 #0 - SUBJECT ADDED ENTRY--TOPICAL TERM | |
| Topical term or geographic name as entry element | Social sciences |
| General subdivision | Statistical methods |
| -- | Computer programs. |
| 9 (RLIN) | 10121 |
| 650 #0 - SUBJECT ADDED ENTRY--TOPICAL TERM | |
| Topical term or geographic name as entry element | Social sciences |
| General subdivision | Statistics |
| -- | Graphic methods |
| -- | Computer programs. |
| 9 (RLIN) | 10122 |
| 710 2# - ADDED ENTRY--CORPORATE NAME | |
| Corporate name or jurisdiction name as entry element | StataCorp LP. |
| 9 (RLIN) | 10123 |
| 942 ## - ADDED ENTRY ELEMENTS (KOHA) | |
| Source of classification or shelving scheme | Dewey Decimal Classification |
| Item type | Book - Borrowing |
| Withdrawn status | Item status | Source of classification or shelving scheme | Damaged status | Not for loan | Vendor | Home library | Current library | Shelving location | Date acquired | Source of acquisition | Total Checkouts | Full call number | Barcode | Date last seen | Koha item type |
|---|---|---|---|---|---|---|---|---|---|---|---|---|---|---|---|
| Dewey Decimal Classification | Central Library | Central Library | Lower Floor | 23/12/2009 | Donation | 001.4226 STA | 000019329 | 15/07/2025 | Book - Borrowing |